000 00822cab a2200193 4500
001 ABS39170
008 090401t1988 xxu||||| |||| 00| 0 eng d
035 _a(Sirsi) u14788
041 _aeng
100 _aRoskrow, B.
245 _aAnother string to Archer`s bow...transforming the Embankment
260 _c1988
350 _a0
490 _aConstruction News
_v(6064) 26 May 1988, 22-23(2)
520 _aA report on the Embankment Place development in London , which is under construction in Villiers Street. A great deal of technical and engineering expertise has had to be applied to foundations and superstructure as the development starts in the vaults below Charing Cross station and rises above it to straddle the tracks.
690 _aBUILDING AND CONSTRUCTION-PROJECTS
942 _n0
948 _c04/03/1997
999 _c9654
_d9654